000 00632nam a2200205Ii 4500
003 JO-AjNU
008 230605s9999||||xx |||||||||||||| ||und||
040 _aJO-AjNU
_bara
_erda
_cJO-AjNU
041 _aara
050 1 4 _aPR2796.A7.M53 1978
100 3 _aشكسبير، وليم ؛ ترجمة غازي جمال,
_eauthor
_937328
245 0 0 _aمكبث
250 _aط1
264 3 1 _aبيروت: دار القلم، 1978
300 _a147ص
336 _atext
_btxt
_2rdacontent
337 _aunmediated
_bn
_2rdamedia
338 _avolume
_bnc
_2rdacarrier
650 4 _aالمسرح - تاريخ ونقد - شكسبير
_937329
999 _aA15587
_c19155
_d19155